[Event "Figueira 2023"]
[Site "?"]
[Date "2023.11.05"]
[Round "1.16"]
[White "Almeida, Joao Pedro Dias"]
[Black "Del Rio De Angelis, Salvador G."]
[Result "0-1"]
[BlackElo "2424"]
[WhiteElo "1884"]
[LiveChessVersion "1.4.8"]

1. e4 {[%clk 1:30:55]} e6 {[%clk 1:30:33]} 2. d4 {[%clk 1:31:11]} d5
{[%clk 1:30:55]} 3. Nc3 {[%clk 1:31:34]} Bb4 {[%clk 1:31:17]} 4. e5
{[%clk 1:31:58]} c5 {[%clk 1:31:37]} 5. a3 {[%clk 1:32:23]} Bxc3+
{[%clk 1:31:59]} 6. bxc3 {[%clk 1:32:50]} Nc6 {[%clk 1:32:20]} 7. Qg4
{[%clk 1:32:23]} g6 {[%clk 1:32:39]} 8. Nf3 {[%clk 1:27:56]} Qa5 {[%clk 1:31:43]}
9. Bd2 {[%clk 1:27:15]} Qa4 {[%clk 1:29:09]} 10. Ra2 {[%clk 1:27:00]} Bd7
{[%clk 1:28:39]} 11. Qf4 {[%clk 1:24:33]} c4 {[%clk 1:28:28]} 12. h4
{[%clk 1:20:28]} h6 {[%clk 1:28:15]} 13. Be2 {[%clk 1:15:03]} Rh7
{[%clk 1:17:43]} 14. Nh2 {[%clk 1:09:17]} O-O-O {[%clk 1:15:24]} 15. Ng4
{[%clk 1:03:50]} g5 {[%clk 1:12:07]} 16. Qg3 {[%clk 1:00:05]} gxh4
{[%clk 1:11:40]} 17. Qxh4 {[%clk 0:57:47]} Nce7 {[%clk 1:00:56]} 18. Nf6
{[%clk 0:44:07]} Rg7 {[%clk 0:49:11]} 19. Bg4 {[%clk 0:37:18]} Rg6
{[%clk 0:48:04]} 20. g3 {[%clk 0:27:45]} Nxf6 {[%clk 0:37:46]} 21. exf6
{[%clk 0:28:13]} Ng8 {[%clk 0:38:03]} 22. Bh5 {[%clk 0:28:32]} Rxf6
{[%clk 0:38:24]} 23. Bf4 {[%clk 0:28:39]} Qa5 {[%clk 0:32:43]} 24. Kd2
{[%clk 0:28:42]} e5 {[%clk 0:32:52]} 25. dxe5 {[%clk 0:24:35]} Rf5
{[%clk 0:33:14]} 26. Bg4 {[%clk 0:23:31]} d4 {[%clk 0:33:22]} 27. Bxf5
{[%clk 0:22:18]} Qxc3+ {[%clk 0:31:11]} 28. Kc1 {[%clk 0:22:39]} Bxf5
{[%clk 0:31:31]} 29. Qh5 {[%clk 0:21:02]} Be4 {[%clk 0:31:09]} 30. Bd2
{[%clk 0:19:55]} Qf3 {[%clk 0:31:27]} 31. Qxf3 {[%clk 0:20:17]} Bxf3 32. Rh4
{[%clk 0:20:21]} c3 {[%clk 0:30:29]} 33. Bxh6 {[%clk 0:19:27]} Nxh6
{[%clk 0:30:29]} 34. Rxh6 {[%clk 0:19:50]} Rd5 {[%clk 0:30:46]} 35. Ra1
{[%clk 0:18:51]} Rxe5 {[%clk 0:31:03]} 36. Kb1 {[%clk 0:18:59]} Re1+
{[%clk 0:31:26]} 0-1

[Event "Figueira 2023"]
[Site "?"]
[Date "2023.11.05"]
[Round "1.17"]
[White "Sidhant, Mohapatra"]
[Black "Junior, Ednasia"]
[Result "1-0"]
[BlackElo "1875"]
[WhiteElo "2418"]
[LiveChessVersion "1.4.8"]

1. Nf3 {[%clk 1:30:49]} Nf6 {[%clk 1:30:51]} 2. g3 {[%clk 1:30:51]} g6
{[%clk 1:31:12]} 3. b3 {[%clk 1:31:02]} Bg7 {[%clk 1:30:46]} 4. Bb2
{[%clk 1:31:23]} b6 {[%clk 1:30:03]} 5. Bg2 {[%clk 1:31:19]} Bb7 {[%clk 1:30:22]}
6. O-O {[%clk 1:31:28]} O-O {[%clk 1:30:45]} 7. c4 {[%clk 1:31:48]} d6
{[%clk 1:29:25]} 8. d4 {[%clk 1:31:49]} Nbd7 {[%clk 1:29:10]} 9. Qc2
{[%clk 1:31:23]} Re8 {[%clk 1:26:25]} 10. d5 {[%clk 1:28:56]} e5 {[%clk 1:24:44]}
11. e4 {[%clk 1:28:51]} Nh5 {[%clk 1:22:02]} 12. Nc3 {[%clk 1:27:04]} h6
{[%clk 1:16:29]} 13. Nd1 {[%clk 1:19:43]} Qe7 {[%clk 1:14:50]} 14. Ne3
{[%clk 1:19:05]} Nf8 {[%clk 1:13:00]} 15. b4 {[%clk 1:18:48]} a5 {[%clk 1:05:21]}
16. a3 {[%clk 1:16:08]} Nd7 {[%clk 0:58:50]} 17. Bc3 {[%clk 1:15:42]} axb4
{[%clk 0:56:06]} 18. axb4 {[%clk 1:15:51]} Rxa1 {[%clk 0:53:18]} 19. Rxa1
{[%clk 1:16:06]} Ra8 {[%clk 0:53:39]} 20. Rxa8+ {[%clk 1:15:06]} Bxa8
{[%clk 0:53:56]} 21. Qa4 {[%clk 1:14:29]} Qd8 {[%clk 0:53:16]} 22. Ne1
{[%clk 1:14:22]} Bf8 {[%clk 0:45:10]} 23. Nd3 {[%clk 1:14:07]} Bb7
{[%clk 0:39:23]} 24. Bh3 {[%clk 1:08:13]} Nhf6 {[%clk 0:36:33]} 25. f3
{[%clk 1:08:32]} Be7 {[%clk 0:25:42]} 26. Nc2 {[%clk 1:04:37]} h5
{[%clk 0:16:57]} 27. Kg2 {[%clk 0:59:08]} Kh7 {[%clk 0:16:46]} 28. Na3
{[%clk 0:58:34]} Kg8 {[%clk 0:09:26]} 29. Bb2 {[%clk 0:57:54]} Nf8
{[%clk 0:06:47]} 30. Qa7 {[%clk 0:56:14]} Qa8 {[%clk 0:02:13]} 31. Qxa8
{[%clk 0:56:30]} Bxa8 {[%clk 0:02:40]} 32. c5 {[%clk 0:55:38]} bxc5
{[%clk 0:01:57]} 33. bxc5 {[%clk 0:56:03]} c6 {[%clk 0:00:43]} 34. cxd6
{[%clk 0:56:04]} Bxd6 {[%clk 0:01:11]} 35. Nc4 {[%clk 0:56:25]} Ne8
{[%clk 0:00:37]} 36. Nxd6 {[%clk 0:56:30]} Nxd6 {[%clk 0:00:58]} 37. Bxe5
{[%clk 0:56:52]} Nc4 38. d6 {[%clk 0:56:51]} Bb7 {[%clk 0:00:36]} 39. d7
{[%clk 0:57:09]} Nxd7 {[%clk 0:00:58]} 40. Bxd7 {[%clk 1:27:34]} Ba6
{[%clk 0:31:11]} 41. Bd4 {[%clk 1:27:32]} Bb5 {[%clk 0:29:33]} 42. Nb4
{[%clk 1:27:13]} Na5 {[%clk 0:29:36]} 43. Kf2 {[%clk 1:26:43]} Kf8
{[%clk 0:29:41]} 44. Bb6 {[%clk 1:27:02]} 1-0

[Event "Figueira 2023"]
[Site "?"]
[Date "2023.11.05"]
[Round "1.18"]
[White "Caxita, Esperanca"]
[Black "Olsen, Filip Boe"]
[Result "0-1"]
[BlackElo "2416"]
[WhiteElo "1855"]
[LiveChessVersion "1.4.8"]

1. e4 c5 2. Nc3 d6 3. Nf3 Nf6 4. d3 Nc6 5. g3 g6 6. Bg2 Bg7 7. O-O O-O 8. Re1 Bg4
9. h3 Bxf3 10. Bxf3 Rb8 11. a4 a6 12. Bg5 h6 13. Be3 b5 14. axb5 axb5 15. Qd2 Kh7
16. Bg2 Qc8 17. f4 Nd7 18. Rab1 b4 19. Ne2 Ra8 20. Nc1 Nb6 21. c3 Qc7 22. Kh2
Rfb8 23. cxb4 Nxb4 24. Ne2 Na4 25. Nc3 Nxc3 26. bxc3 Ra2 27. Qd1 Bxc3 28. Re2
Rba8 29. Rxa2 Nxa2 30. e5 Rb8 31. Rxb8 Qxb8 32. Qa4 Qb2 33. Qe8 Qb3 34. Qxe7 dxe5
35. fxe5 Nb4 36. Qd6 Bb2 37. Bxc5 Nxd3 38. e6 Be5 39. Qd5 Qxd5 40. Bxd5 fxe6 41.
Bxe6 Nxc5 42. Bd5 Kg7 43. Kg2 Kf6 44. Kf3 Ne6 45. g4 Nf4 {[%clk 0:38:20]} 46. Ke2
{[%clk 0:28:20]} 0-1

[Event "Figueira 2023"]
[Site "?"]
[Date "2023.11.05"]
[Round "1.19"]
[White "Petkov, Vladimir"]
[Black "Cruz, Francisco Manuel Nunes M."]
[Result "1-0"]
[BlackElo "1849"]
[WhiteElo "2408"]
[LiveChessVersion "1.4.8"]

1. d4 Nf6 2. c4 e6 3. Nc3 Bb4 4. Nf3 O-O 5. e3 c5 6. Bd3 Nc6 7. Bd2 cxd4 8. exd4
d5 9. a3 dxc4 10. Bxc4 Be7 11. Be3 a6 12. O-O b5 13. Ba2 Bb7 14. Qe2 Rc8 15. Rad1
Na5 16. Ne5 Nd5 17. Bd2 b4 18. axb4 Nxb4 19. Bb1 Nb3 20. Be3 Nd5 21. Qc2 f5 22.
Qxb3 Rb8 23. Qc2 Qd6 24. Qe2 Rfc8 25. Bd2 Nf6 26. Ba2 Ba8 27. Bf4 1-0

[Event "Figueira 2023"]
[Site "?"]
[Date "2023.11.05"]
[Round "1.20"]
[White "Carvalho, Vitor Hugo Pina Soares"]
[Black "Dhulipalla, Bala Chandra Prasad"]
[Result "0-1"]
[BlackElo "2408"]
[WhiteElo "1836"]
[LiveChessVersion "1.4.8"]

1. e4 e5 2. Nf3 Nc6 3. Bb5 a6 4. Ba4 Nf6 5. O-O Be7 6. Re1 b5 7. Bb3 d6 8. c3 O-O
9. h3 Nb8 10. d4 Nbd7 11. Nbd2 Bb7 12. a4 c5 13. Bc2 Re8 14. Nf1 Bf8 15. Ng3 g6
16. b3 exd4 17. cxd4 cxd4 18. Bb2 bxa4 19. bxa4 Nc5 20. Qxd4 Bg7 21. e5 Nd5 22.
Rad1 Qc7 23. Ba3 Ne6 24. Qb2 dxe5 25. Be4 Nef4 26. Ne2 Nxe2+ 27. Rxe2 Nc3 28. Rc2
Bxe4 29. Rxc3 Qa5 30. Ng5 Qxa4 31. Rd2 h6 32. Nxf7 Bf5 33. Nd6 Rab8 34. Qc1 Rb1
35. Qxb1 Bxb1 36. Nxe8 Qxe8 37. Rc7 Bf5 38. Be7 Kf7 39. Bc5+ Kg8 40. Be7 Qf7 41.
Rd8+ Kh7 42. g4 Be4 43. Rdd7 Qf3 44. Kf1 Bd3+ 45. Rxd3 Qxd3+ 46. Ke1 Kg8 0-1

[Event "Figueira 2023"]
[Site "?"]
[Date "2023.11.05"]
[Round "1.21"]
[White "Sieciechowicz, Marcin"]
[Black "Silva, Ana Ines Teixeira Da"]
[Result "1-0"]
[BlackElo "1827"]
[WhiteElo "2407"]
[LiveChessVersion "1.4.8"]

1. d4 {[%clk 1:30:53]} d5 {[%clk 1:30:51]} 2. c4 {[%clk 1:31:05]} e6
{[%clk 1:31:13]} 3. Nc3 {[%clk 1:31:20]} Nf6 {[%clk 1:31:30]} 4. cxd5
{[%clk 1:31:44]} exd5 {[%clk 1:31:52]} 5. Bg5 {[%clk 1:32:09]} c6
{[%clk 1:32:03]} 6. Qc2 {[%clk 1:32:20]} h6 {[%clk 1:31:43]} 7. Bh4
{[%clk 1:28:59]} Be7 {[%clk 1:30:58]} 8. e3 {[%clk 1:29:09]} O-O {[%clk 1:30:45]}
9. Bd3 {[%clk 1:29:15]} Re8 {[%clk 1:30:45]} 10. Nge2 {[%clk 1:28:44]} a5
{[%clk 1:29:36]} 11. O-O {[%clk 1:27:53]} Nbd7 {[%clk 1:26:49]} 12. f3
{[%clk 1:25:20]} b5 {[%clk 1:26:29]} 13. Bf2 {[%clk 1:23:21]} Ba6
{[%clk 1:24:35]} 14. h3 {[%clk 1:20:34]} Nb6 {[%clk 1:17:30]} 15. a4
{[%clk 1:17:58]} b4 {[%clk 1:14:16]} 16. Bxa6 {[%clk 1:17:27]} Rxa6
{[%clk 1:10:51]} 17. Na2 {[%clk 1:15:56]} Nc4 {[%clk 1:02:34]} 18. b3
{[%clk 1:11:27]} Nd6 {[%clk 1:01:06]} 19. Nac1 {[%clk 1:10:13]} Nd7
{[%clk 0:50:53]} 20. Nd3 {[%clk 1:07:02]} Bh4 {[%clk 0:39:43]} 21. Nef4
{[%clk 1:05:51]} Nf5 {[%clk 0:30:30]} 22. Rfe1 {[%clk 1:03:20]} Bxf2+
{[%clk 0:20:11]} 23. Qxf2 {[%clk 1:03:23]} Nf6 {[%clk 0:19:14]} 24. Nc5
{[%clk 0:59:47]} Ra7 {[%clk 0:17:23]} 25. e4 {[%clk 0:55:16]} Ne7
{[%clk 0:12:44]} 26. Rad1 {[%clk 0:51:08]} g5 {[%clk 0:08:59]} 27. Nfd3
{[%clk 0:48:22]} Ng6 {[%clk 0:08:56]} 28. e5 {[%clk 0:47:58]} Nd7
{[%clk 0:08:15]} 29. Rc1 {[%clk 0:47:00]} Nxc5 {[%clk 0:06:43]} 30. Rxc5
{[%clk 0:47:14]} Re6 {[%clk 0:05:24]} 31. Rec1 {[%clk 0:44:13]} Ne7
{[%clk 0:05:15]} 32. f4 {[%clk 0:39:49]} f5 {[%clk 0:04:54]} 33. fxg5
{[%clk 0:39:01]} hxg5 {[%clk 0:05:17]} 34. h4 {[%clk 0:39:15]} Rg6
{[%clk 0:04:07]} 35. hxg5 {[%clk 0:38:37]} Rxg5 {[%clk 0:03:06]} 36. Nf4 Qe8 37.
Qh4 Rg4 38. Qh6 Ng6 39. Nh5 Rf7 40. Rxc6 Ne7 41. Nf6+ {[%clk 1:04:38]} Rxf6
{[%clk 0:30:53]} 42. Rxf6 {[%clk 1:05:02]} Rg7 {[%clk 0:29:11]} 43. Rc7
{[%clk 1:02:51]} Rh7 {[%clk 0:28:11]} 44. Qg5+ {[%clk 1:03:08]} Rg7
{[%clk 0:28:33]} 45. Qh4 {[%clk 1:03:07]} Qd8 {[%clk 0:26:23]} 46. Rh6
{[%clk 1:02:34]} 1-0

[Event "Figueira 2023"]
[Site "?"]
[Date "2023.11.05"]
[Round "1.22"]
[White "Raghav, V"]
[Black "Arpan, Das (Jr)"]
[Result "1-0"]
[BlackElo "2400"]
[WhiteElo "1797"]
[LiveChessVersion "1.4.8"]

1. e4 {[%clk 1:30:29]} c6 {[%clk 1:30:54]} 2. d4 {[%clk 1:30:53]} d5
{[%clk 1:31:20]} 3. Nc3 {[%clk 1:31:18]} dxe4 {[%clk 1:31:43]} 4. Nxe4
{[%clk 1:31:42]} Nf6 {[%clk 1:32:08]} 5. Nxf6+ {[%clk 1:32:05]} exf6
{[%clk 1:32:37]} 6. c3 {[%clk 1:32:27]} Bd6 {[%clk 1:32:56]} 7. Bd3
{[%clk 1:32:51]} O-O {[%clk 1:33:08]} 8. Qc2 {[%clk 1:33:04]} Re8+
{[%clk 1:33:24]} 9. Ne2 {[%clk 1:33:29]} h5 {[%clk 1:33:45]} 10. Be3
{[%clk 1:33:53]} Nd7 {[%clk 1:34:00]} 11. O-O-O {[%clk 1:34:13]} Nf8
{[%clk 1:33:10]} 12. c4 {[%clk 1:34:30]} Be6 {[%clk 1:33:00]} 13. Nc3
{[%clk 1:34:30]} Rc8 {[%clk 1:33:15]} 14. Kb1 {[%clk 1:33:31]} Bb4
{[%clk 1:32:52]} 15. a3 {[%clk 1:29:24]} Bxc3 {[%clk 1:31:46]} 16. Qxc3
{[%clk 1:29:16]} b5 {[%clk 1:30:31]} 17. d5 {[%clk 1:29:19]} cxd5
{[%clk 1:29:32]} 18. c5 {[%clk 1:29:34]} a6 {[%clk 1:25:51]} 19. Bd4
{[%clk 1:23:22]} Qd7 {[%clk 1:11:12]} 20. Ka1 {[%clk 1:18:34]} Bf5
{[%clk 1:05:48]} 21. c6 {[%clk 1:16:12]} Qe6 {[%clk 0:19:59]} 22. Rhe1
{[%clk 1:13:25]} Qxe1 {[%clk 0:18:40]} 23. Rxe1 {[%clk 1:13:39]} Rxe1+
{[%clk 0:19:08]} 24. Qxe1 {[%clk 1:13:46]} Bxd3 {[%clk 0:19:37]} 25. Qc3
{[%clk 1:09:15]} Bc4 {[%clk 0:15:10]} 26. b3 {[%clk 1:07:15]} Rxc6
{[%clk 0:14:43]} 27. bxc4 {[%clk 1:04:09]} Rxc4 {[%clk 0:15:00]} 28. Qd2
{[%clk 0:58:00]} Ne6 {[%clk 0:15:12]} 29. Bb2 {[%clk 0:57:32]} d4
{[%clk 0:15:27]} 30. Ka2 {[%clk 0:56:10]} g6 {[%clk 0:12:36]} 31. f3
{[%clk 0:54:05]} f5 {[%clk 0:06:00]} 32. Qa5 {[%clk 0:51:13]} Rc6
{[%clk 0:04:48]} 33. Bxd4 {[%clk 0:50:36]} Nxd4 {[%clk 0:04:10]} 34. Qd8+
{[%clk 0:50:49]} Kh7 {[%clk 0:04:31]} 35. Qxd4 {[%clk 0:51:08]} Kg8
{[%clk 0:02:58]} 36. Kb3 {[%clk 0:50:31]} Rc4 {[%clk 0:02:57]} 37. Qxc4
{[%clk 0:44:56]} bxc4+ {[%clk 0:03:26]} 38. Kxc4 {[%clk 0:45:13]} f4
{[%clk 0:03:43]} 39. Kc5 {[%clk 0:44:44]} Kg7 {[%clk 0:02:49]} 40. Kb6
{[%clk 1:12:39]} Kf6 {[%clk 0:31:59]} 41. Kxa6 {[%clk 1:12:54]} Ke5
{[%clk 0:30:33]} 42. Kb5 {[%clk 1:13:00]} g5 {[%clk 0:30:33]} 43. a4
{[%clk 1:07:32]} g4 {[%clk 0:30:40]} 44. a5 {[%clk 1:06:38]} g3 {[%clk 0:31:06]}
45. hxg3 {[%clk 1:05:17]} fxg3 {[%clk 0:31:34]} 46. a6 {[%clk 1:05:31]} h4
{[%clk 0:31:34]} 47. a7 {[%clk 1:05:51]} h3 {[%clk 0:32:01]} 48. a8=Q
{[%clk 1:05:39]} h2 {[%clk 0:32:20]} 49. Qa1+ {[%clk 1:05:16]} Kd5 1-0